LEADER 01156nam2-2200373---450- 001 990006093060203316 005 20151028124528.0 010 $a978-88-06-22494-3 035 $a000609306 035 $aUSA01000609306 035 $a(ALEPH)000609306USA01 035 $a000609306 100 $a20050908h2015----km-y0itaa50------ba 101 0 $aita 102 $aIT 105 $aa|||z|||001yy 200 1 $aDare l'anima$estoria di un infanticidio$fAdriano Prosperi 210 $aTorino$cEinaudi$d2015 215 $aX, 386 p., [4] carte di tav.$cill.$d23 cm 225 2 $aPiccola biblioteca Einaudi$iNuova serie$v633 410 0$1001000597891$12001$aPiccola biblioteca Einaudi$iNuova serie$v, 633 600 1$aCremonini,$bLucia 606 0 $aInfanticidio$yBologna$z1709 676 $a364.15230945411 700 1$aPROSPERI,$bAdriano$0140139 801 0$aIT$bsalbc$gISBD 912 $a990006093060203316 951 $aX.2.B. 2425$b249157 L.M.$cX.2.B.$d00348198 959 $aBK 969 $aUMA 979 $aPASSARO$b90$c20151028$lUSA01$h1242 979 $aPASSARO$b90$c20151028$lUSA01$h1245 996 $aDare l'anima$9739581 997 $aUNISA LEADER 01155nam a2200289 i 4500 001 991002472679707536 008 070524s2007 it af 000 0 ita d 020 $a9788850325474 035 $ab13532339-39ule_inst 040 $aDip.to Scienze pedagogiche$bita 082 0 $a005.276 100 1 $aRomagnoli, Andrea$0447707 245 10$aAjax :$bper applicazioni web /$cAndrea Romagnoli, Pasquale Salerno, Andrea Guidi 260 $aMilano :$bApogeo,$c2007 300 $aXIII, 343 p. :$bill. ;$c24 cm 440 0$aGuida completa 650 4$aSiti web$xProgrammazione 650 4$aWorld Wide Web 650 4$aElaboratori elettronici$xLinguaggio Ajax 700 1 $aSalerno, Pasquale$eauthor$4http://id.loc.gov/vocabulary/relators/aut$0447708 700 1 $aGuidi, Andrea$eauthor$4http://id.loc.gov/vocabulary/relators/aut$062847 907 $a.b13532339$b06-06-07$c24-05-07 912 $a991002472679707536 945 $aLE022 005 ROM01.01$g1$i2022000123280$lle022$nLE022/COLAZZO/2007$op$pE29.00$q-$rl$s- $t0$u0$v0$w0$x0$y.i1447945x$z06-06-07 996 $aAjax$91463197 997 $aUNISALENTO 998 $ale022$b24-05-07$cm$da $e-$fita$git $h0$i0